| 000 | 01642cam a2200373 a 4500 | ||
|---|---|---|---|
| 001 | 12979190 | ||
| 005 | 20170105102922.0 | ||
| 008 | 021024s2003 mauaf b 001 0 eng | ||
| 010 | _a 2002038812 | ||
| 020 | _a0674010310 (alk. paper) | ||
| 040 |
_aDLC _cDLC _dDLC |
||
| 050 | 0 | 0 |
_aD849 _b.S83 2003 |
| 082 | 0 | 0 |
_a909.82/6 _221 |
| 100 | 1 | _aSuri, Jeremi. | |
| 245 | 1 | 0 |
_aPower and protest : _bglobal revolution and the rise of detente / _cJeremi Suri. |
| 260 |
_aCambridge, Mass. : _bHarvard University Press, _c2003. |
||
| 300 |
_aviii, 355 p., [12] p. of plates : _bill. ; _c24 cm. |
||
| 504 | _aIncludes bibliographical references (p. 335-340) and index. | ||
| 650 | 0 | _aDetente. | |
| 650 | 0 |
_aWorld politics _y1965-1975. |
|
| 650 | 0 |
_aStudent movements _xHistory _y20th century. |
|
| 650 | 0 |
_aProtest movements _zUnited States. |
|
| 650 | 0 |
_aProtest movements _zEurope. |
|
| 651 | 0 |
_aUnited States _xSocial conditions _y1960-1980. |
|
| 651 | 0 |
_aChina _xSocial conditions _y1949- |
|
| 651 | 0 |
_aSoviet Union _xSocial conditions _y1945-1991. |
|
| 651 | 0 |
_aEurope _xSocial conditions _y20th century. |
|
| 856 | 4 | 2 |
_3Book review (H-Net) _uhttp://www.h-net.org/review/hrev-a0d8y1-aa |
| 856 | 4 | 2 |
_3Book review (H-Net) _uhttp://www.h-net.org/review/hrev-a0d2z6-aa |
| 856 | 4 | 1 |
_3Table of contents _uhttp://www.loc.gov/catdir/toc/fy038/2002038812.html |
| 906 |
_a7 _bcbc _corignew _d1 _eocip _f20 _gy-gencatlg |
||
| 942 |
_2ddc _cBK |
||
| 999 |
_c15633 _d15633 |
||